Sabrina Carpenter - Chansons de l'album fruitcake - Statistiques

Statistiques générales
  • Ce quiz a été pris 43 fois
  • Le résultat moyen est 5 sur 6
Statistiques - réponses
Hint Réponse % Correct
fruitcake Cindy lou who
91%
fruitcake santa doesn't know you like I do
88%
fruitcake buy me presents
79%
fruitcake is it new years yet?
79%
fruitcake A Nonsense Christmas
73%
fruitcake white xmas
67%
Aucun quiz correspondant
Distribution des résultats
% des personnes avec chaque résultat
Percentile par nombre de réponses
Votre historique - résultats
Vous n’avez pas pris ce quiz